000 00666nam a2200253Ia 4500
003 OSt
005 20221005073009.0
006 a|||||r|||| 00| 0
007 ta
008 221004b |||||||| |||| 00| 0 eng d
024 _a16702
037 _cTextual
040 _aCRL
_cCRL
_beng
041 _2eng
_aeng
082 _aL:4:6, M8
100 _aDossey Larry
_9607642
245 0 _aMedical science and nonviolence
260 _aNew Delhi
_bGandhi Book House India
_c1988
300 _a16p.
_ccm.
490 _aAhimsa and science series. No.2
650 _aMEDICINE
942 _hL:4:6, M8
_cTEXL
_2cc
999 _c980377
_d980377